01862nam a2200481 i 450000100060000000300080000600500170001400600190003100700150005000800410006502000180010602000270012403500230015103500240017403500250019803500220022304000310024505000210027608000110029708200120030810000280032024501470034826400600049530000410055533600310059633700330062733800430066049000340070350000230073750400290076058801270078959001640091665000300108065100210111065100120113165500270114370000300117070000470120079700190124783000350126685600620130199900170136356122FlNmELB20241216232821.0m o d | cr cnu||||||||141101s2009 sp ob 001 0 spa d z9788478002689 a9788490121993 (e book) a(MiAaPQ)EBC3210314 a(Au-PeEL)EBL3210314 a(CaPaEBR)ebr10679916 a(OCoLC)1005770622 aFINmELBbspaerdacFINmELB 4aF2521bG956 2009 a94(81)0 a9812231 aGuilherme Mota, Carlos.10aHistoria de Brasil :buna interpretación /cCarlos Guilherme Mota, Adriana López ; revisión y traducción José Manuel Santos Pérez. 1aSalamanca :bEdiciones Universidad de Salamanca,c2009. a1 recurso en línea (724 páginas) atextobtxt2rdacontent/spa acomputadorabc2rdamedia/spa arecurso en líneabcr2rdacarrier/spa1 aBiblioteca de América ;v41 aContiene índice. aContiene bibliografía. aDescripción basada en recurso en línea; Título de la página del título en PDF (e-libro, visto november 1, 2014). aRecurso electrónico. Santa Fe, Arg.: e-libro, 2015. Disponible vía World Wide Web. El acceso puede estar limitado para las bibliotecas afiliadas a e-libro. 4aHistoria latinoamericana. 0aBrazilxHistory. 4aBrasil. 4aLibros electrónicos.1 aLópez, Adriana,eautor.1 aSantos Pérez, José Manuel,etraductor.2 ae-libro, Corp. 0aBiblioteca de América ;v41.40uhttps://elibro.net/ereader/politecnicointernacional/55709 c56122d56122